000 00432nam a2200169Ia 4500
008 231221s9999 xx 000 0 und d
020 _a9790000000000
041 _aEnglish
082 _a659 SHE;1
100 _aShenkar, Oded. Luo, Yadong.
245 0 _aInternational business
260 _c2004
_bJohn wiley and sons
_aNew Delhi
300 _axvii,513+CA183+G13+I21
300 _c58603
650 _abusiness
942 _cCD
999 _c210643
_d210643